000 00554nam a2200145 i 4500
001 51150
003 ES-MaACL
007 t|
008 030811s1919 fr ||||1| fre d
100 1 _aCharbonnell, J. Roger.
_938063
245 1 2 _aL'etique de Giordano Bruno et le deuxieme dialogue du spaccio
_b: (traduction avec notes et commentaire) : contribution al'étude des conceptions morales de la Renaissance /
_cpar J. Roger Charbonnell.
260 _aParis :
_b[s.n.,
_c1919] (
_eLyon :
_fA. Rey)
300 _a339 p. ;
_c25 cm.
852 _aES-MaACL
_jB-3928
999 _c51150
_d51150